[Event "LVI Festival A"]
[Site "Imperia ITA"]
[Date "2014.09.01"]
[Round "2"]
[White "Ahner, Thomas"]
[Black "Luciani, Valerio"]
[WhiteElo "2093"]
[BlackElo "2206"]
[Result "0-1"]
[PlyCount "68"]
[EventDate "2014.08.31"]

1. e4 c5 2. Nf3 d6 3. d4 cxd4 4. Nxd4 Nf6 5. Nc3 a6 6. Bg5 e6 7. f4 Be7 8. Qf3
Qc7 9. O-O-O Nbd7 10. Bd3 O-O 11. Rhe1 Re8 12. Kb1 b5 13. e5 Bb7 14. Qh3 dxe5
15. fxe5 Nxe5 16. Bf4 Bd6 17. Bxb5 Red8 18. Ba4 Nd5 19. Nxd5 Bxd5 20. Nf5 Bxa2+
21. Kxa2 exf5 22. Bb3 Ng4 23. Bxd6 Rxd6 24. Qf3 Qa5+ 25. Kb1 Rad8 26. Re8+ Rxe8
27. Rxd6 g6 28. c3 Re1+ 29. Rd1 Re7 30. h3 Nf6 31. g4 Qb6 32. Bc4 Ne4 33. gxf5
Kg7 34. Rd4 Qxd4 0-1

[Event "LVI Festival A"]
[Site "Imperia ITA"]
[Date "2014.09.01"]
[Round "2"]
[White "Aleksic, Nenad"]
[Black "Ljubisavljevic, Zivojin Z."]
[WhiteElo "2348"]
[BlackElo "2132"]
[Result "1-0"]
[PlyCount "35"]
[EventDate "2014.08.31"]

1. e4 c5 2. Nf3 d6 3. d4 cxd4 4. Nxd4 Nf6 5. Nc3 e6 6. Bc4 a6 7. Bb3 Be7 8. Be3
O-O 9. Qe2 Qc7 10. O-O-O Nc6 11. g4 Nxd4 12. Rxd4 e5 13. Rc4 Qd8 14. g5 Nd7 15.
Nd5 Bxg5 16. Rg1 Bxe3+ 17. Qxe3 Nf6 18. Qg5 1-0

[Event "LVI Festival A"]
[Site "Imperia ITA"]
[Date "2014.09.01"]
[Round "2"]
[White "Bucek, Eduard"]
[Black "Seyfried, Claus"]
[WhiteElo "2045"]
[BlackElo "2180"]
[Result "1/2-1/2"]
[PlyCount "131"]
[EventDate "2014.08.31"]

1. e4 e5 2. Nf3 Nc6 3. Bb5 a6 4. Ba4 Nf6 5. d3 Bc5 6. O-O b5 7. Bb3 d6 8. c3
O-O 9. Bg5 h6 10. Be3 Bxe3 11. fxe3 d5 12. exd5 Nxd5 13. Qe2 Be6 14. Nbd2 Qe7
15. c4 Nf6 16. cxb5 axb5 17. Rfc1 Nb4 18. a3 Bxb3 19. Nxb3 Nxd3 20. Rc3 e4 21.
Nfd4 Nd5 22. Rc6 b4 23. Nf5 Qg5 24. Nbd4 bxa3 25. bxa3 h5 26. a4 Rfb8 27. h4
Qg4 28. Qxg4 hxg4 29. Ng3 Nxe3 30. Nxe4 Rb2 31. Rc3 Rxg2+ 32. Kh1 Nf2+ 33. Nxf2
Rxf2 34. Rxe3 Rf4 35. Nb5 Rfxa4 36. Rxa4 Rxa4 37. Nxc7 g3 38. Rxg3 Rxh4+ 39.
Kg2 g6 40. Nd5 Kg7 41. Ne7 Re4 42. Nd5 Re5 43. Nf4 g5 44. Kh3 Kh6 45. Nd3 Rd5
46. Nf2 f5 47. Rd3 Ra5 48. Rd8 Ra3+ 49. Rd3 Ra2 50. Kg2 g4 51. Kg3 Ra4 52.
Nxg4+ Rxg4+ 53. Kf3 Kg5 54. Rd8 Rf4+ 55. Kg3 Ra4 56. Rg8+ Kf6 57. Rf8+ Ke6 58.
Kf3 Ra3+ 59. Kf4 Ra4+ 60. Kf3 Ra1 61. Re8+ Kf7 62. Rb8 Rf1+ 63. Ke2 Rf4 64. Ke3
Rh4 65. Kf3 Rd4 66. Ke3 1/2-1/2

[Event "LVI Festival A"]
[Site "Imperia ITA"]
[Date "2014.09.01"]
[Round "2"]
[White "De Barberis, Massimo"]
[Black "Jurek, Josef"]
[WhiteElo "2070"]
[BlackElo "2295"]
[Result "0-1"]
[PlyCount "65"]
[EventDate "2014.08.31"]

1. e4 c5 2. Nf3 e6 3. c3 Nf6 4. e5 Nd5 5. d4 cxd4 6. cxd4 d6 7. Nc3 Nxc3 8.
bxc3 Qc7 9. Bd2 Nd7 10. Ng5 Be7 11. Qh5 Bxg5 12. Qxg5 O-O 13. exd6 Qxd6 14. Be2
Nf6 15. Bf3 Bd7 16. O-O Bc6 17. Bf4 Qd7 18. Be5 Ne8 19. Qe3 Bxf3 20. Qxf3 Rc8
21. Rab1 b6 22. Rfd1 f6 23. Bf4 Nd6 24. Bxd6 Qxd6 25. Re1 Rfe8 26. Rb3 Rc6 27.
d5 Rcc8 28. dxe6 Rxe6 29. Rxe6 Qxe6 30. g3 h6 31. Rb2 Qe1+ 32. Kg2 Qxc3 33.
Qd5+ 0-1

[Event "LVI Festival A"]
[Site "Imperia ITA"]
[Date "2014.09.01"]
[Round "2"]
[White "Faraci, Antonino"]
[Black "Cugini, Verter"]
[WhiteElo "2027"]
[BlackElo "2079"]
[Result "1/2-1/2"]
[PlyCount "97"]
[EventDate "2014.08.31"]

1. e4 e6 2. d4 d5 3. e5 c5 4. c3 Nc6 5. Nf3 Qb6 6. Bd3 cxd4 7. O-O Bd7 8. Re1
dxc3 9. Nxc3 Nb4 10. Bb1 a5 11. Ng5 Bc5 12. Qf3 Nh6 13. a3 Nc6 14. Nxd5 exd5
15. e6 Bxf2+ 16. Kh1 O-O-O 17. exd7+ Rxd7 18. Rd1 Re8 19. Bf5 Nxf5 20. Qxf5 Re5
21. Qc2 Be3 22. Nf3 Re4 23. Bxe3 Qxe3 24. b4 g6 25. b5 Rc4 26. Qb2 Qc3 27. Qxc3
Rxc3 28. bxc6 bxc6 29. Kg1 Rc2 30. a4 Rb7 31. Rac1 Rbb2 32. Rxc2 Rxc2 33. Nd4
Rc4 34. Nb3 Kc7 35. Nxa5 Rb4 36. Rc1 Rb6 37. Re1 Kd6 38. Kf2 Ra6 39. Nb7+ Kc7
40. Re7+ Kb8 41. Nd8 Kc8 42. Nxf7 Rxa4 43. Ne5 Ra2+ 44. Kf3 Ra3+ 45. Kf4 Ra4+
46. Kf3 Ra3+ 47. Ke2 Ra2+ 48. Kf3 Ra3+ 49. Ke2 1/2-1/2

[Event "LVI Festival A"]
[Site "Imperia ITA"]
[Date "2014.09.01"]
[Round "2"]
[White "Jirovsky, Milos"]
[Black "Molina, Fabrizio"]
[WhiteElo "2466"]
[BlackElo "2227"]
[Result "1/2-1/2"]
[PlyCount "87"]
[EventDate "2014.08.31"]

1. Nf3 Nf6 2. c4 c5 3. g3 b6 4. Bg2 Bb7 5. O-O e6 6. Nc3 Be7 7. d4 cxd4 8. Qxd4
d6 9. Rd1 a6 10. Ng5 Bxg2 11. Kxg2 O-O 12. Nce4 Ra7 13. Nxf6+ Bxf6 14. Qg4 Be7
15. Nf3 Re8 16. Be3 Rd7 17. b3 Bf6 18. Rac1 Nc6 19. Qe4 Ne7 20. Bd4 Bxd4 21.
Rxd4 Qc7 22. Rc2 h6 23. Rd1 Qc6 24. Qd3 Red8 25. Kg1 Qc5 26. Rcd2 Nc6 27. Qe4
a5 28. a4 d5 29. cxd5 Rxd5 30. Rxd5 Rxd5 31. Rxd5 Qxd5 32. Qxd5 exd5 33. Kf1
Kf8 34. Ke1 Ke7 35. Kd2 Kd6 36. Kc3 Kc5 37. e3 f6 38. Ne1 d4+ 39. exd4+ Nxd4
40. Nd3+ Kd5 41. Nf4+ Kc5 42. Nd3+ Kd5 43. Nf4+ Kc5 44. Nd3+ 1/2-1/2

[Event "LVI Festival A"]
[Site "Imperia ITA"]
[Date "2014.09.01"]
[Round "2"]
[White "Kantorik, Marian"]
[Black "Wunder, Niklas"]
[WhiteElo "2242"]
[BlackElo "1600"]
[Result "0-1"]
[PlyCount "94"]
[EventDate "2014.08.31"]

1. d4 Nf6 2. c4 g6 3. Nc3 Bg7 4. e4 d6 5. f4 O-O 6. Nf3 c5 7. d5 e6 8. Be2 exd5
9. exd5 Bf5 10. O-O Ne4 11. Nxe4 Bxe4 12. Ng5 Re8 13. Bd3 Bxd3 14. Qxd3 h6 15.
Nf3 Nd7 16. Bd2 b5 17. cxb5 Bxb2 18. Rab1 Bg7 19. Bc3 Bxc3 20. Qxc3 Qf6 21. Qd2
Re4 22. g3 Nb6 23. Rfe1 Rae8 24. Rxe4 Rxe4 25. Qd3 Qf5 26. Rd1 Nc4 27. Qb3 Qg4
28. Qd3 Rxf4 29. Rf1 Re4 30. a4 Re3 31. Qd1 Ra3 32. Qe2 Rxa4 33. b6 Nxb6 34.
Qe7 Ra2 35. Qxf7+ Kxf7 36. Ne5+ Kg7 37. Nxg4 c4 38. Nf6 c3 39. Ne8+ Kg8 40.
Nxd6 Nxd5 41. Rc1 Rb2 42. Nc4 Rb4 43. Na3 a5 44. Kg2 Rb2+ 45. Kf3 Rxh2 46. Ke4
Rd2 47. Nb5 c2 0-1

[Event "LVI Festival A"]
[Site "Imperia ITA"]
[Date "2014.09.01"]
[Round "2"]
[White "Krouzel, Jaroslav"]
[Black "Wunder, Fabian"]
[WhiteElo "2145"]
[BlackElo "1600"]
[Result "0-1"]
[PlyCount "120"]
[EventDate "2014.08.31"]

1. d4 d6 2. c4 e5 3. d5 f5 4. g3 Nf6 5. Bg2 g6 6. Nf3 Bg7 7. O-O a5 8. Nc3 O-O
9. e4 Na6 10. Qe2 Nc5 11. Bg5 h6 12. Bxf6 Qxf6 13. Nd2 f4 14. g4 Rf7 15. f3 Bf8
16. Nb3 Nd7 17. Qf2 Be7 18. Nb5 Bd8 19. Qd2 a4 20. Nc1 Rh7 21. Nd3 c6 22. Nc3
Bb6+ 23. Kh1 h5 24. Nf2 Be3 25. Qe2 Qh4 26. Ncd1 Bd4 27. g5 Qxg5 28. Bh3 Nc5
29. Rg1 Qf6 30. Rg2 Rg7 31. Nc3 a3 32. Bxc8 Rxc8 33. Ncd1 axb2 34. Rb1 Ra8 35.
Nd3 Nxd3 36. Qxd3 Rxa2 37. Nxb2 Rxb2 38. Rgxb2 Bxb2 39. Rxb2 Qe7 40. c5 dxc5
41. dxc6 bxc6 42. Rb8+ Kh7 43. Rc8 Rg8 44. Rxc6 Rd8 45. Qb3 Qa7 46. Qe6 Qa1+
47. Kg2 Rd2+ 48. Kh3 Qf1+ 49. Kh4 Qe1+ 50. Kg5 Rg2+ 51. Kf6 Qh4+ 52. Kxe5 Qg5+
53. Kd6 Rd2+ 54. Kc7 Qd8+ 55. Kb7 Rb2+ 56. Rb6 Rxb6+ 57. Qxb6 Qxb6+ 58. Kxb6 c4
59. e5 Kg7 60. e6 Kf8 0-1

[Event "LVI Festival A"]
[Site "Imperia ITA"]
[Date "2014.09.01"]
[Round "2"]
[White "Morselli, Stefano"]
[Black "Di Paolo, Raffaele"]
[WhiteElo "1871"]
[BlackElo "2237"]
[Result "0-1"]
[PlyCount "70"]
[EventDate "2014.08.31"]

1. Nf3 d6 2. d4 g6 3. g3 Bg7 4. Bg2 Nf6 5. O-O O-O 6. Re1 Nbd7 7. e4 e5 8. c4
c6 9. b3 exd4 10. Nxd4 Nc5 11. Bb2 Qb6 12. Nc3 a5 13. Qc2 Ng4 14. Rad1 a4 15.
Nxa4 Nxa4 16. bxa4 Qb4 17. Rb1 Qxa4 18. Nb3 Bxb2 19. Rxb2 Ne5 20. Nd2 Qxc2 21.
Rxc2 Re8 22. Re3 c5 23. f4 Nc6 24. Nb3 Ra3 25. Kf2 Be6 26. e5 Nb4 27. Rd2 dxe5
28. Rxe5 b6 29. Ree2 Rb8 30. Bd5 Bxd5 31. cxd5 c4 32. Nc1 Rd8 33. Rd4 Rc3 34.
d6 Rxc1 35. d7 Kf8 0-1

[Event "LVI Festival A"]
[Site "Imperia ITA"]
[Date "2014.09.01"]
[Round "2"]
[White "Mueller, Ralf"]
[Black "Popa, Claudiu"]
[WhiteElo "2376"]
[BlackElo "2101"]
[Result "1-0"]
[PlyCount "55"]
[EventDate "2014.08.31"]

1. d4 d5 2. Nf3 Nf6 3. c4 dxc4 4. e3 e6 5. Bxc4 c5 6. O-O a6 7. dxc5 Bxc5 8.
Qxd8+ Kxd8 9. Be2 Nbd7 10. Nbd2 Ke7 11. Nc4 b6 12. Nd4 Bxd4 13. exd4 Bb7 14. b3
Ne8 15. Ba3+ Kf6 16. Ne3 h5 17. Rfe1 Nc7 18. Rac1 Rac8 19. Nc4 Nb5 20. Bb2 Bd5
21. a4 Na7 22. Nd6 Rc6 23. Rxc6 Nxc6 24. Bxa6 Ncb8 25. Bc4 Nc6 26. Bb5 Ndb8 27.
Nc4 Nd7 28. Bxc6 1-0

[Event "LVI Festival A"]
[Site "Imperia ITA"]
[Date "2014.09.01"]
[Round "2"]
[White "Pesce, Gabriele"]
[Black "Dolezal, Radoslav jr"]
[WhiteElo "2203"]
[BlackElo "2357"]
[Result "1/2-1/2"]
[PlyCount "171"]
[EventDate "2014.08.31"]

1. e4 c6 2. d4 d5 3. Nc3 g6 4. Nf3 Bg7 5. h3 dxe4 6. Nxe4 Nd7 7. Bc4 Ngf6 8.
Qe2 O-O 9. Bd2 Nxe4 10. Qxe4 e5 11. dxe5 Nxe5 12. Nxe5 Bxe5 13. O-O-O Qf6 14.
c3 Bf5 15. Qf3 b5 16. Bb3 a5 17. Bc2 Be6 18. Qxf6 Bxf6 19. Be4 Rfc8 20. Kb1 a4
21. Rc1 Ra7 22. Be3 Re7 23. f3 Be5 24. Bc5 Ree8 25. g4 f5 26. gxf5 gxf5 27.
Rhg1+ Kf7 28. Rcf1 Bf6 29. Bc2 Rg8 30. f4 Rxg1 31. Rxg1 Rg8 32. Rxg8 Kxg8 33.
Bd4 Be7 34. Be5 Kf7 35. c4 Kg6 36. cxb5 cxb5 37. Bd3 b4 38. Bb5 Kh5 39. a3 bxa3
40. bxa3 Bxa3 41. Bf6 Bd6 42. Bxa4 Kg6 43. Bd4 Bxf4 44. h4 Kh5 45. Bf6 Bg3 46.
Kc1 f4 47. Bd1+ Kg6 48. Be7 Bf2 49. Bf3 h5 50. Kd2 Bg4 51. Ke2 Bd4 52. Kd3 Bb6
53. Ke2 Bd4 54. Bg5 Kf5 55. Kd3 Be5 56. Ke2 Bf6 57. Bh6 Bxh4 58. Bf8 Bf6 59.
Bd6 Be5 60. Be7 Bd4 61. Bd8 Bc5 62. Bh4 Kg6 63. Bd8 Bd6 64. Kf2 Kf5 65. Kg2 Be5
66. Be7 Bf6 67. Bd6 Bh4 68. Bc7 Bg3 69. Bd6 Kg5 70. Be7+ Kg6 71. Bd6 Bd7 72.
Be4+ Kf6 73. Bf3 h4 74. Bc7 h3+ 75. Kh1 Kf5 76. Bd6 Bb5 77. Bb7 Bd7 78. Bf3 Bc8
79. Bc7 Kf6 80. Kg1 Ba6 81. Bd6 Bd3 82. Bc7 Ke7 83. Kh1 Kd7 84. Bxf4 Bxf4 85.
Bg4+ Kd6 86. Bxh3 1/2-1/2

[Event "LVI Festival A"]
[Site "Imperia ITA"]
[Date "2014.09.01"]
[Round "2"]
[White "Poloch, Petr"]
[Black "Ricci, Marco"]
[WhiteElo "2280"]
[BlackElo "2061"]
[Result "1-0"]
[PlyCount "47"]
[EventDate "2014.08.31"]

1. d4 Nf6 2. c4 g6 3. Nc3 Bg7 4. e4 d6 5. f4 O-O 6. Nf3 c5 7. d5 e6 8. Be2 exd5
9. cxd5 Re8 10. e5 dxe5 11. fxe5 Ng4 12. e6 fxe6 13. Bg5 Qb6 14. Qd2 Nd7 15.
dxe6 Nf8 16. e7 Ne6 17. O-O Nxg5 18. Nxg5 Bd4+ 19. Kh1 Ne3 20. Bf3 Nxf1 21.
Rxf1 Bf5 22. g4 Bd7 23. Bd5+ Kg7 24. Rf7+ 1-0

[Event "LVI Festival A"]
[Site "Imperia ITA"]
[Date "2014.09.01"]
[Round "2"]
[White "Raineri, Valerio"]
[Black "Nastro, Federico"]
[WhiteElo "2104"]
[BlackElo "1934"]
[Result "1/2-1/2"]
[PlyCount "58"]
[EventDate "2014.08.31"]

1. e4 e5 2. Nf3 Nc6 3. Bb5 a6 4. Ba4 Nf6 5. d3 b5 6. Bb3 Be7 7. c3 O-O 8. Nbd2
d6 9. Nf1 Na5 10. Bc2 c5 11. Ng3 Nc6 12. O-O Re8 13. h3 h6 14. Nh2 d5 15. Qe2
Bf8 16. f4 exf4 17. Bxf4 c4 18. Qf3 cxd3 19. Bxd3 Ne5 20. Bxe5 Rxe5 21. exd5
Qxd5 22. Rad1 Qxf3 23. Nxf3 Re8 24. Nd4 Bb7 25. Ndf5 Bc5+ 26. Kh1 Re6 27. b4
Bf8 28. a3 Rc8 29. Ne2 Nd5 1/2-1/2

[Event "LVI Festival A"]
[Site "Imperia ITA"]
[Date "2014.09.01"]
[Round "2"]
[White "Sarmir, Milos"]
[Black "Pepino, Enrico"]
[WhiteElo "2055"]
[BlackElo "2193"]
[Result "1/2-1/2"]
[PlyCount "53"]
[EventDate "2014.08.31"]

1. Nf3 g6 2. g3 Bg7 3. Bg2 c5 4. O-O Nc6 5. c3 e5 6. e4 Nge7 7. d3 O-O 8. Be3
Qb6 9. b4 d6 10. a4 a5 11. b5 Nd8 12. Na3 Bg4 13. Nc4 Qc7 14. h3 Bxf3 15. Bxf3
b6 16. Qd2 Ne6 17. Rac1 Rad8 18. Rfd1 d5 19. exd5 Nxd5 20. Bxd5 Rxd5 21. Qe2
Qb8 22. Bd2 Rfd8 23. Be1 R8d7 24. Ne3 R5d6 25. Nc4 Rd5 26. Ne3 R5d6 27. Nc4
1/2-1/2

[Event "XXIV C.to Mondiale Seniores Over 50"]
[Site "Katerini GRE"]
[Date "2014.10.24"]
[Round "1"]
[White "Zybura, Andre"]
[Black "Bruno, Fabio"]
[WhiteElo "1975"]
[BlackElo "2422"]
[Result "0-1"]
[PlyCount "62"]
[EventDate "2014.10.24"]

1. e4 c5 2. d4 cxd4 3. c3 Nf6 4. e5 Nd5 5. Nf3 b6 6. Bc4 Bb7 7. O-O Qc7 8. Bb3
e6 9. cxd4 d6 10. Na3 a6 11. Nc4 Nd7 12. Bg5 b5 13. Ne3 N7b6 14. Nxd5 Bxd5 15.
Bxd5 Nxd5 16. Rc1 Qd7 17. Qd2 h6 18. Be3 Be7 19. exd6 Qxd6 20. Ne5 O-O 21. Rc6
Qb4 22. Qc2 Bf6 23. Nd7 Rfd8 24. a3 Qe7 25. Nc5 e5 26. Ne4 exd4 27. Nxf6+ Nxf6
28. Bd2 d3 29. Qb3 Ne4 30. Qb4 Qe8 31. Rc7 a5 0-1

[Event "XXIV C.to Mondiale Seniores Over 50"]
[Site "Katerini GRE"]
[Date "2014.10.25"]
[Round "2"]
[White "Bruno, Fabio"]
[Black "Alexakis, Dimitrios"]
[WhiteElo "2422"]
[BlackElo "2224"]
[Result "1-0"]
[PlyCount "69"]
[EventDate "2014.10.24"]

1. d4 Nf6 2. c4 e6 3. Nc3 c5 4. d5 exd5 5. cxd5 d6 6. e4 g6 7. f4 Bg7 8. Bb5+
Nfd7 9. Nf3 a6 10. Bd3 b5 11. O-O O-O 12. Qe1 Re8 13. Qg3 Nf6 14. f5 b4 15. Nd1
Nxe4 16. Bxe4 Rxe4 17. Ng5 Bxf5 18. Rxf5 gxf5 19. Nxe4 fxe4 20. Bh6 Qf6 21.
Bxg7 Qxg7 22. Qxd6 Qd4+ 23. Kh1 e3 24. Qd8+ Kg7 25. Qg5+ Kh8 26. Nxe3 Nd7 27.
Qe7 Rg8 28. Rd1 Qe5 29. Qxd7 Qxe3 30. Qxf7 Qe4 31. Qf6+ Rg7 32. Qf2 c4 33. d6
Qg4 34. Rd4 Qe6 35. d7 1-0

[Event "XXIV C.to Mondiale Seniores Over 50"]
[Site "Katerini GRE"]
[Date "2014.10.26"]
[Round "3"]
[White "Hebden, Mark L."]
[Black "Bruno, Fabio"]
[WhiteElo "2540"]
[BlackElo "2422"]
[Result "1-0"]
[PlyCount "117"]
[EventDate "2014.10.24"]

1. d4 d5 2. Nf3 Nf6 3. c4 c6 4. e3 e6 5. Bd3 Nbd7 6. b3 Bb4+ 7. Bd2 Bd6 8. Nc3
O-O 9. O-O Qe7 10. Qc2 a6 11. Rae1 h6 12. c5 Bc7 13. e4 dxe4 14. Nxe4 Nd5 15.
Ng3 Rd8 16. Bc4 Nf8 17. Ne5 f6 18. Ng4 Qf7 19. h3 a5 20. Ne3 b6 21. Ne2 Bb7 22.
Bd3 b5 23. Nxd5 Rxd5 24. Be3 Re8 25. a4 b4 26. Rd1 Rdd8 27. Bc4 Qg6 28. Qc1 Kh8
29. Bf4 Qf7 30. Qc2 Ra8 31. Qd3 Red8 32. Rfe1 Qe7 33. Qg3 e5 34. dxe5 Bxe5 35.
Bxe5 Qxe5 36. Qxe5 fxe5 37. Ng3 Re8 38. Nf5 Bc8 39. Nd6 Re7 40. Nf7+ Kh7 41.
Rd8 Bb7 42. Rxa8 Bxa8 43. Rxe5 Rxe5 44. Nxe5 g5 45. f4 gxf4 46. Kf2 Bb7 47. Kf3
Bc8 48. Kxf4 Ne6+ 49. Ke3 Nxc5 50. h4 Kg7 51. g3 Kf6 52. Nxc6 Bd7 53. Nxa5 Kf5
54. Be2 Nxa4 55. bxa4 Bxa4 56. Nc4 Bb3 57. Kd4 Ba2 58. Ne3+ Kg6 59. Bc4 1-0

[Event "XXIV C.to Mondiale Seniores Over 50"]
[Site "Katerini GRE"]
[Date "2014.10.27"]
[Round "4"]
[White "Bruno, Fabio"]
[Black "Nikolaidis, Konstantinos"]
[WhiteElo "2422"]
[BlackElo "2178"]
[Result "1-0"]
[PlyCount "71"]
[EventDate "2014.10.24"]

1. d4 Nf6 2. Nf3 e6 3. e3 b6 4. Bd3 Bb7 5. O-O c5 6. c4 Be7 7. Nc3 cxd4 8. exd4
d5 9. cxd5 Nxd5 10. Ne5 O-O 11. Qg4 Nxc3 12. bxc3 Nd7 13. Bh6 Bf6 14. Rfe1 Qe7
15. Re3 Bxe5 16. dxe5 f5 17. Qg3 Nc5 18. Bg5 Qf7 19. Qh4 Be4 20. Rh3 Qg6 21.
Bf1 Kh8 22. Rd1 Rac8 23. f3 Bd5 24. c4 Bb7 25. Be7 Rg8 26. Rg3 Qf7 27. Rd4 Rge8
28. Bd6 Bc6 29. Qg5 h6 30. Rh4 Kh7 31. Rgh3 Qg6 32. Qf4 Nb7 33. Bb4 Nd8 34. Bd2
Rc7 35. Rg3 Qf7 36. Qxh6+ 1-0

[Event "XXIV C.to Mondiale Seniores Over 50"]
[Site "Katerini GRE"]
[Date "2014.10.28"]
[Round "5"]
[White "Bruno, Fabio"]
[Black "Sturua, Zurab"]
[WhiteElo "2422"]
[BlackElo "2523"]
[Result "0-1"]
[PlyCount "58"]
[EventDate "2014.10.24"]

1. d4 Nf6 2. c4 e6 3. Nc3 Bb4 4. e3 O-O 5. Bd3 c5 6. Nf3 d5 7. O-O dxc4 8. Bxc4
Nc6 9. a3 Ba5 10. Na4 cxd4 11. exd4 h6 12. Bf4 Bc7 13. Bxc7 Qxc7 14. Qe2 b6 15.
Rac1 Bb7 16. Ba6 Rad8 17. Rfd1 Ba8 18. Nc3 Qf4 19. Qe3 Qb8 20. h3 Ne7 21. Ne5
Nf5 22. Qf4 g5 23. Qh2 Nxd4 24. h4 Nf5 25. hxg5 hxg5 26. Bd3 Kg7 27. Bxf5 exf5
28. Qg3 Ng4 29. f4 gxf4 0-1

[Event "XXIV C.to Mondiale Seniores Over 50"]
[Site "Katerini GRE"]
[Date "2014.10.29"]
[Round "6"]
[White "Madeira Martins, Wagner"]
[Black "Bruno, Fabio"]
[WhiteElo "2207"]
[BlackElo "2422"]
[Result "0-1"]
[PlyCount "56"]
[EventDate "2014.10.24"]

1. e4 e6 2. d4 d5 3. Nc3 Bb4 4. Nge2 Nf6 5. e5 Nfd7 6. a3 Be7 7. f4 g6 8. Be3
a5 9. g3 a4 10. Bg2 Nb6 11. Rb1 h5 12. O-O Nc6 13. h3 Na5 14. Qe1 Nac4 15. Bf2
Bd7 16. Nc1 Qb8 17. Nd3 Qa7 18. Nc5 Bc6 19. Bf3 Qa5 20. Nd3 Nd7 21. Kg2 b6 22.
g4 hxg4 23. hxg4 O-O-O 24. Rh1 Rxh1 25. Kxh1 Bb7 26. Kg2 Rh8 27. Ne2 Nd2 28.
Rd1 Rh2+ 0-1

[Event "XXIV C.to Mondiale Seniores Over 50"]
[Site "Katerini GRE"]
[Date "2014.10.31"]
[Round "7"]
[White "Bruno, Fabio"]
[Black "Bischoff, Klaus"]
[WhiteElo "2422"]
[BlackElo "2504"]
[Result "1/2-1/2"]
[PlyCount "66"]
[EventDate "2014.10.24"]

1. d4 Nf6 2. c4 e6 3. Nf3 b6 4. a3 Bb7 5. Nc3 Ne4 6. Nxe4 Bxe4 7. e3 d6 8. Bd3
Bxd3 9. Qxd3 Nd7 10. O-O g6 11. e4 Bg7 12. Bg5 Qc8 13. Rac1 h6 14. Be3 a5 15.
b3 Qb7 16. a4 O-O 17. c5 bxc5 18. dxc5 Nf6 19. c6 Qa6 20. Qc2 e5 21. Rfd1 Rfb8
22. h3 Rb4 23. Nd2 Rab8 24. Nc4 Rxb3 25. Nxd6 Rxe3 26. fxe3 cxd6 27. Rxd6 Rc8
28. Qd3 Qxd3 29. Rxd3 Bf8 30. c7 Be7 31. Rb3 Bb4 32. Rd3 Be7 33. Rb3 Bb4
1/2-1/2

[Event "XXIV C.to Mondiale Seniores Over 50"]
[Site "Katerini GRE"]
[Date "2014.11.01"]
[Round "8"]
[White "Yasin, Hur"]
[Black "Bruno, Fabio"]
[WhiteElo "2138"]
[BlackElo "2422"]
[Result "1-0"]
[PlyCount "81"]
[EventDate "2014.10.24"]

1. e4 c5 2. Nf3 e6 3. d4 cxd4 4. Nxd4 a6 5. c4 Nf6 6. Bd3 Qc7 7. O-O Nc6 8.
Nxc6 dxc6 9. f4 Bc5+ 10. Kh1 e5 11. f5 h6 12. Qe2 b5 13. Be3 Bxe3 14. Qxe3 Bb7
15. Nd2 Rd8 16. Nb3 O-O 17. c5 Qe7 18. Be2 Rd7 19. Rad1 Rfd8 20. Rxd7 Rxd7 21.
g3 a5 22. Nxa5 Rd4 23. Bf3 Ra4 24. Nb3 Rxa2 25. Rf2 Ba6 26. h4 Ra4 27. Rd2 Bc8
28. Rd6 Bd7 29. Qd3 Rb4 30. Kg1 Be8 31. Kf1 Qa7 32. Rd8 Qa2 33. Nd2 Rxb2 34. g4
Qa1+ 35. Kg2 Qe1 36. g5 Nd5 37. Rxe8+ Kh7 38. g6+ fxg6 39. fxg6+ Kxg6 40. exd5+
Kf6 41. Re6+ 1-0

[Event "XXIV C.to Mondiale Seniores Over 50"]
[Site "Katerini GRE"]
[Date "2014.11.02"]
[Round "9"]
[White "Kempen, Leon"]
[Black "Bruno, Fabio"]
[WhiteElo "1949"]
[BlackElo "2422"]
[Result "0-1"]
[PlyCount "120"]
[EventDate "2014.10.24"]

1. d4 d5 2. c4 e6 3. Nc3 c6 4. e3 Nf6 5. Nf3 a6 6. b3 Bb4 7. Bd2 Nbd7 8. Bd3
O-O 9. O-O Bd6 10. Qc2 h6 11. Rad1 dxc4 12. bxc4 c5 13. Rfe1 Qc7 14. h3 Re8 15.
Bc1 b6 16. Ne4 Bf8 17. Nxf6+ Nxf6 18. Ne5 Bb7 19. Bb2 cxd4 20. exd4 b5 21. Rc1
bxc4 22. Qxc4 Qxc4 23. Rxc4 Nd5 24. g3 Nb4 25. Rc7 Bd5 26. a3 Bd6 27. Rc3 Nxd3
28. Nxd3 Rab8 29. Bc1 Rbc8 30. Rxc8 Rxc8 31. Bb2 Rc2 32. Bc1 a5 33. g4 g5 34.
f4 f6 35. Nc5 gxf4 36. Nd7 f3 37. Be3 f2+ 38. Bxf2 Kf7 39. Nc5 Ra2 40. a4 Rc2
41. h4 Rc4 42. Ra1 Bxc5 43. dxc5 Rxg4+ 44. Kf1 Bc6 45. Ke1 h5 46. Ke2 Rxa4 47.
Rd1 Bd5 48. Be1 Rc4 49. Bxa5 Rxh4 50. Rc1 Rc4 51. Rxc4 Bxc4+ 52. Kf3 Kg6 53.
Bd8 Kg5 54. Kg3 Bd5 55. Be7 e5 56. Bd6 Bc6 57. Bc7 h4+ 58. Kf2 Kg4 59. Bd8 h3
60. Kg1 Kg3 0-1

[Event "XXIV C.to Mondiale Seniores Over 50"]
[Site "Katerini GRE"]
[Date "2014.11.03"]
[Round "10"]
[White "Bruno, Fabio"]
[Black "Furman, Boris"]
[WhiteElo "2422"]
[BlackElo "2152"]
[Result "1-0"]
[PlyCount "93"]
[EventDate "2014.10.24"]

1. d4 Nf6 2. Nf3 d5 3. c4 e6 4. Nc3 Bb4 5. Bg5 h6 6. Bxf6 Qxf6 7. e3 O-O 8. Rc1
c6 9. Qb3 Bxc3+ 10. Qxc3 Nd7 11. cxd5 exd5 12. Bd3 Qe7 13. O-O Nf6 14. Qc5 Re8
15. b4 Ne4 16. Bxe4 dxe4 17. Nd2 Qh4 18. a4 Re6 19. f4 exf3 20. Rxf3 Bd7 21. a5
Rae8 22. Nf1 a6 23. Rc2 Qe1 24. Qc3 Qd1 25. Rcf2 f6 26. h3 Rd6 27. Kh2 Be6 28.
Ng3 Qb1 29. Nh5 Bf7 30. Nf4 Qe4 31. Rg3 Kh7 32. Nd3 Bd5 33. Nc5 Qe7 34. Kg1 Be4
35. Rg4 f5 36. Rgf4 Rf6 37. Nxe4 fxe4 38. Rxf6 gxf6 39. Qc5 Qe6 40. Qf5+ Qxf5
41. Rxf5 Kg6 42. g4 Rd8 43. Kg2 Rd5 44. Rxd5 cxd5 45. Kg3 f5 46. Kh4 fxg4 47.
hxg4 1-0

[Event "XXIV C.to Mondiale Seniores Over 50"]
[Site "Katerini GRE"]
[Date "2014.11.04"]
[Round "11"]
[White "Bruno, Fabio"]
[Black "Kalegin, Evgenij"]
[WhiteElo "2422"]
[BlackElo "2474"]
[Result "1-0"]
[PlyCount "189"]
[EventDate "2014.10.24"]

1. d4 Nf6 2. c4 g6 3. Nc3 Bg7 4. Nf3 O-O 5. e4 d6 6. Be2 Nbd7 7. O-O e5 8. Qc2
c6 9. Rd1 Re8 10. d5 c5 11. Bg5 h6 12. Bd2 Kh8 13. a3 Rf8 14. b4 Ng8 15. Bd3 b6
16. Rab1 Ndf6 17. bxc5 bxc5 18. Rb3 Nh5 19. g3 f5 20. Nh4 Qf6 21. exf5 gxf5 22.
Ng2 Bd7 23. Rdb1 Be8 24. Rb7 Bg6 25. Nd1 Ne7 26. f4 exf4 27. Nxf4 Nxf4 28. Bxf4
Bh5 29. Rd7 Ng6 30. Bxd6 Qd4+ 31. Nf2 Ne5 32. Bxe5 Qxe5 33. Rbb7 Rg8 34. Re7
Qf6 35. Re6 Qg5 36. Be2 Bd4 37. Bxh5 Qxh5 38. Kg2 Rab8 39. Qe2 Qg5 40. Rxb8
Rxb8 41. Re8+ Rxe8 42. Qxe8+ Kg7 43. Qd7+ Kg6 44. Qe6+ Kg7 45. h4 Qc1 46. Qxf5
Qxc4 47. Qd7+ Kf8 48. Qe6 Qa2 49. Qxh6+ Kg8 50. Qe6+ Kg7 51. Qd7+ Kf6 52. Qc6+
Kg7 53. Qb7+ Kg8 54. Qb8+ Kg7 55. Qxa7+ Kg8 56. Qb8+ Kg7 57. Qc7+ Kg8 58. Qc8+
Kg7 59. Qg4+ Kh8 60. Qh5+ Kg8 61. Qg5+ Kh8 62. Qd8+ Kg7 63. Qd7+ Kg8 64. Qd8+
Kf7 65. Qc7+ Kg8 66. Qc8+ Kg7 67. Qg4+ Kh8 68. Qf3 Bxf2 69. Qxf2 Qxd5+ 70. Qf3
Qd2+ 71. Kh3 Qd7+ 72. Qg4 Qd5 73. Qc8+ Kg7 74. Qc7+ Kf6 75. Qf4+ Kg6 76. a4
Qh1+ 77. Kg4 Qd1+ 78. Kh3 Qh1+ 79. Kg4 Qd1+ 80. Qf3 Qxa4+ 81. Kh3 Qc2 82. h5+
Kg7 83. Kg4 c4 84. Qb7+ Kh6 85. Qc6+ Kg7 86. Qd7+ Kh6 87. Qd6+ Kg7 88. Kg5 Qc3
89. Qe7+ Kg8 90. Qe8+ Kh7 91. Qf7+ Kh8 92. Qf8+ Kh7 93. Qe7+ Kh8 94. g4 Qd2+
95. Kg6 1-0

[Event "XXXV Memorial Edoardo Crespi A"]
[Site "Milano ITA"]
[Date "2014.12.04"]
[Round "1"]
[White "Barolo, Andrea"]
[Black "Ricci, Leonardo"]
[WhiteElo "1968"]
[BlackElo "1814"]
[Result "1-0"]
[PlyCount "77"]
[EventDate "2014.12.04"]

1. e4 e5 2. Nf3 Nc6 3. Bb5 a6 4. Ba4 Bc5 5. O-O b5 6. Bb3 Nf6 7. d3 h6 8. c3
O-O 9. Nbd2 Ne7 10. Nxe5 d5 11. exd5 Nexd5 12. d4 Bd6 13. Ndf3 Bb7 14. Re1 c5
15. dxc5 Bxc5 16. Nd4 Qc7 17. Qf3 Rfe8 18. Qe2 Nd7 19. Ndf3 Nxe5 20. Nxe5 f6
21. Qf3 Rxe5 22. Rd1 Kh8 23. Bxh6 Ne3 24. Qh3 Bc8 25. Qh4 Nf5 26. Bxg7+ Kxg7
27. Qg4+ Kh7 28. Qg8+ Kh6 29. Qh8+ Kg6 30. g4 Bxf2+ 31. Kxf2 Re2+ 32. Kxe2 Qe5+
33. Kd2 Qe3+ 34. Kc2 Nd4+ 35. Rxd4 Qf2+ 36. Kc1 Qf1+ 37. Bd1 Bb7 38. Qh5+ Kg7
39. Rd7+ 1-0